000 00702nam a22002417a 4500
003 UA-OsUOA
001 112049
007 ta
008 20150615b un ||||| |||| 00| 0 ukr d
090 _a81'374.4
_bЕ88
942 _cBK
040 _aUA-OsUOA
_bukr
_cUA-OsUOA
_dUA-OsUOA
245 _aЕтимологічний словник української мови
300 _a568 с.
955 _a1
041 _aukr
080 _a81'374.4
020 _a978-966-00-0816-8
260 _aК.
_bНаукова думка
_c2012
044 _aUA
650 7 _a8 Мовознавство. Художня література. Літературознавство
_2UDC
999 _c398143
_d398143